| 000 | 01115cam a2200325 i 4500 | ||
|---|---|---|---|
| 999 |
_c200441856 _d60068 |
||
| 001 | 200441856 | ||
| 003 | TR-AnTOB | ||
| 005 | 20240916111944.0 | ||
| 007 | ta | ||
| 008 | 930826s1992 tu b 000 0 tur | ||
| 010 | _a 90962131 | ||
| 035 | _a(TR-AnTOB)200441856 | ||
| 040 |
_aDLC _beng _erda _cDLC _dTR-AnTOB |
||
| 041 | 0 | _atur | |
| 050 | 0 | 4 |
_aHC493.M47 _bM477 1992 |
| 090 |
_aHC493.M47 _bM477 1992 |
||
| 245 | 0 | 0 |
_aMersin serbest bölgesinin sektörel değerlendirmesi : _bseminer, açılış, tebliğler, panel. |
| 264 | 1 |
_aİstanbul : _bİktisadı̂ Araştırmalar Vakfı, _c1992. |
|
| 300 |
_a160 pages : _bmap ; _c25 cm |
||
| 336 |
_atext _btxt _2rdacontent |
||
| 337 |
_aunmediated _bn _2rdamedia |
||
| 338 |
_avolume _bnc _2rdacarrier |
||
| 490 | 0 |
_aİktisadı̂ Araştırmalar Vakfı ; _v1992/87. |
|
| 650 | 7 |
_aEkonomik kalkınma _vKongreler _zTürkiye _zMersin _2etuturkob _9131329 |
|
| 651 | 0 |
_aMersin İli (Türkiye) _xEkonomik durum _vKongreler _992561 |
|
| 710 | 2 |
_aİktisadı̂ Kalkınma Vakfı (Turkey) _955886 |
|
| 942 |
_2lcc _cBK |
||